|
|
|
|
| LEADER |
00000cam a2200000 7i4500 |
| 001 |
0000001350 |
| 005 |
20140517.0 |
| 020 |
0 |
0 |
|a 9839592157
|
| 090 |
0 |
0 |
|a 674.8
|b ROF 1993
|
| 100 |
1 |
0 |
|a ROFFAEL
|h Edmone
|
| 245 |
1 |
0 |
|a Formaldehyde release from particleboard and other wood based panels
|c Edmone Roffael; translated and edited by K. C. Khoo, M. P. Koh, C. L. Ong
|
| 260 |
0 |
0 |
|a Kuala Lumpur :
|b Forest Research Institute Malaysia ,
|c 1993
|
| 300 |
|
|
|a ix, 281 p. :
|b ill. ;
|c 26 cm.
|
| 440 |
0 |
0 |
|a Malayan forest records; n. 37
|
| 500 |
0 |
0 |
|a Translated from the German text
|a Include bibliographical reference and index
|
| 650 |
0 |
0 |
|a Formaldehyde
|
| 650 |
0 |
0 |
|a Urea-formaldehyde resins
|
| 650 |
0 |
0 |
|a Wood products
|x Formaldehyde release
|
| 700 |
0 |
1 |
|a Khoo
|h K. C.
|
| 700 |
0 |
1 |
|a Koh
|h M. P.
|
| 700 |
0 |
1 |
|a Ong
|h C. L.
|
| 710 |
1 |
1 |
|a Institut Penyelidikan Perhutanan Malaysia (FRIM)
|
| 998 |
|
|
|a JPSM
|
| 999 |
|
|
|a 0000000656
|b Monograph
|c Open Shelf
|e Default branch
|
| 999 |
|
|
|a 0000000657
|b Monograph
|c Open Shelf
|e Default branch
|